| 000 | 00384nam a2200145Ia 4500 | ||
|---|---|---|---|
| 005 | 20250729165721.0 | ||
| 008 | 250729s2012 xx 000 0 und d | ||
| 041 | _akan | ||
| 082 | _a930.7 KARS | ||
| 100 |
_aKarnataka Govt _9231267 |
||
| 245 | _aSamaja Vijnana - 8th STd | ||
| 260 |
_aBangalore _bKarnataka Patya Pusthaka Sangha _c2012 |
||
| 300 | _a258p | ||
| 650 |
_aHistory _9231268 |
||
| 999 |
_c239196 _d239196 |
||